La vida en México en el siglo XX : ya nos saquearon: 1980-1984 /

Salvato in:
Dettagli Bibliografici
Autore principale: Trujillo Bolio, Iván (idea original)
Altri autori: Brito Nájera, Jesús (producción ejecutiva) (producción ejecutiva), Fuentes, Fernando (realización) (realización), Fuentes, Fernando (guión) (guión), Saravia, Fernando (montaje) (montaje), Ponce, Xavier (música) (música), Son-Ido Saqueo (música) (música), Stack, Juan (conducción) (conducción), Guzmán, María (conducción) (conducción), Merino, Orlando (realización) (realización), García Estrada, Jaime (guión) (guión), Merino, Orlando (guión) (guión), Elizarrarás, Nacho (montaje) (montaje)
Natura: Videodisco
Lingua:spagnolo
Pubblicazione: México : UNAM, Dirección General de Actividades Cinematográficas, 1990, c1990
Serie:(Clásicos del Documental)
(La Vida en México en el Siglo XX ; 9)
Soggetti:
Tags: Aggiungi Tag
Nessun Tag, puoi essere il primo ad aggiungerne!!

MARC

LEADER 00000ngm^a2200000^a^4500
001 000186963
005 20250521000000.0
009 20260310102244.033
037 |a Acervo ITESO - Biblioteca 
041 |a ESP 
082 |a 972. 06  |b DIE V. 9 
100 |a Trujillo Bolio, Iván  |e (idea original) 
240 1 1 |a [Dieciocho lustros de la vida en México en este siglo] 
240 1 1 |a [Dieciocho lustros de la vida en México en este siglo: ya nos saquearon: 1980-1984] 
240 1 1 |a [Dieciocho lustros de la vida en México en este siglo: derrumbes: 1985-1989] 
240 1 4 |a [La vida en México en el siglo XX] 
245 1 3 |a La vida en México en el siglo XX :  |b ya nos saquearon: 1980-1984 /  |c Idea original y diseño de la serie de I. Trujillo Bolio ; prod. ejecutiva de J. Brito Nájera ; realización de F. Fuentes. 
246 2 |a Título en la pantalla: La vida en México en el siglo XX: ya nos saquearon 
246 2 |a Título en la cubierta: La vida en México en el siglo XX: ya nos saquearon: 1981-1985 
246 2 |a Título en la cubierta: La vida en México en el siglo XX: derrumbes: 1986-1990 
264 4 |a México :  |b UNAM, Dirección General de Actividades Cinematográficas,  |c 1990, c1990 
264 2 |a México :  |b Eurolatinoamericana [distribución],  |c 2005, c2005 
300 |a 1 DVD sin dato de región  |c (26, 26 min.) 
336 |a imagen móvil bidimensional  |b tdi  |2 rdacontenido 
337 |a video  |b v  |2 rdamedio 
338 |a videodisco  |b vd  |2 rdasoporte 
440 1 |a (Clásicos del Documental) 
440 4 |a (La Vida en México en el Siglo XX ;  |v 9) 
649 |a XX 
650 |a Documentales 
650 |a Cortometrajes y Mediometrajes Mexicanos 
650 |a Cine Mexicano -  |y 1990-1999 
650 |a Cine Mexicano -  |y Siglo XX 
650 |a Terremoto, 1985 
650 |a Desastres Naturales -  |z México -  |x Historia 
650 |a Crisis Económica -  |z México 
650 |a Corrupción -  |z México 
650 |a Elecciones -  |z México -  |x Historia -  |y 1982-1988 
650 |a México -  |x Condiciones Políticas 
650 |a Política -  |z México -  |x Historia -  |y 1976-1982 
650 |a Política -  |z México -  |x Historia -  |y 1982-1988 
650 |a Política -  |z México -  |x Historia -  |y Siglo XX 
650 |a México -  |x Condiciones Sociales y Culturales 
650 |a Sociología 
650 |a México -  |x Historia -  |y 1976-1982 
650 |a México -  |x Historia -  |y 1982-1988 
650 |a México -  |x Historia -  |y 1980-1989 
650 |a México -  |x Historia -  |y Siglo XX 
740 3 |a La vida en México en el siglo XX :  |b derrumbes : 1985-1989 /  |c Idea original y diseño de la serie de I. Trujillo Bolio ; prod. ejecutiva de J. Brito Nájera ; realización de O. Merino. 
700 |a Brito Nájera, Jesús  |e (producción ejecutiva) 
700 |a Fuentes, Fernando  |e (realización) 
700 |a Fuentes, Fernando  |e (guión) 
700 |a Saravia, Fernando  |e (montaje) 
700 |a Ponce, Xavier  |e (música) 
700 |a Son-Ido Saqueo  |e (música) 
700 |a Stack, Juan  |e (conducción) 
700 |a Guzmán, María  |e (conducción) 
700 |a Merino, Orlando  |e (realización) 
700 |a García Estrada, Jaime  |e (guión) 
700 |a Merino, Orlando  |e (guión) 
700 |a Elizarrarás, Nacho  |e (montaje) 
910 |a Fondo General 
920 |a Audiovisuales - DVDs 
940 |a Películas 
905 |a 302 
901 |a 0500123916  |b IT2  |c DVS  |u 20250521 
902 |a https://opac.biblio.iteso.mx/vufind/Record/000186963